[Event "SVK-chT3B2 2122"]
[Site "Slovakia"]
[Date "2022.03.13"]
[Round "6.3"]
[White "Randziak, Martin"]
[Black "Rucek, Peter"]
[Result "1/2-1/2"]
[WhiteElo "1915"]
[BlackElo "1899"]
[PlyCount "58"]
[EventDate "2021.10.24"]
[EventType "team-tourn"]
[EventRounds "11"]
[EventCountry "SVK"]
[SourceTitle "EXT 2024"]
[Source "ChessBase"]
[SourceDate "2023.10.10"]
[SourceVersion "1"]
[SourceVersionDate "2023.10.10"]
[SourceQuality "1"]
[WhiteTeam "Chynorany"]
[BlackTeam "Belusa II"]
[WhiteTeamCountry "SVK"]
[BlackTeamCountry "SVK"]

1. e4 e6 2. d4 d5 3. Nd2 Nc6 4. Ngf3 Nf6 5. e5 Nd7 6. Nb3 a5 7. a4 Be7 8. Bf4 b6 9. Bb5 Na7 10. Bd3 c5 11. c4 Bb7 12. 0-0 Rc8 13. Qe2 0-0 14. Rfe1 Ba6 15. Rac1 Nc6 16. cxd5 Bxd3 17. Qxd3 Nb4 18. Qb5 Nxd5 19. Bd2 Qc7 20. Bg5 Bxg5 21. Nxg5 Qc6 22. dxc5 Nf4 23. Qxc6 Rxc6 24. Rc3 Rfc8 25. Ne4 Nd5 26. Rcc1 Nxe5 27. cxb6 Rxc1 28. Rxc1 Rxc1+ 29. Nxc1 Nxb6 1/2-1/2

[Event "SVK-chT3B2 2122"]
[Site "Slovakia"]
[Date "2022.02.13"]
[Round "4.2"]
[White "Blazek, Milos"]
[Black "Randziak, Martin"]
[Result "1/2-1/2"]
[WhiteElo "1908"]
[BlackElo "1921"]
[PlyCount "130"]
[EventDate "2021.10.24"]
[EventType "team-tourn"]
[EventRounds "11"]
[EventCountry "SVK"]
[SourceTitle "EXT 2023"]
[Source "ChessBase"]
[SourceDate "2022.10.05"]
[SourceVersion "1"]
[SourceVersionDate "2022.10.05"]
[SourceQuality "1"]
[WhiteTeam "Trencin"]
[BlackTeam "Chynorany"]
[WhiteTeamCountry "SVK"]
[BlackTeamCountry "SVK"]

1. e4 e5 2. Nf3 Nf6 3. Nxe5 d6 4. Nf3 Nxe4 5. Nc3 Nxc3 6. dxc3 Be7 7. Be3 0-0 8. Qd2 Nd7 9. 0-0-0 Nf6 10. Bd3 c5 11. h3 Qa5 12. Kb1 Be6 13. c4 Qxd2 14. Rxd2 h6 15. g4 Bd7 16. g5 hxg5 17. Nxg5 Bc6 18. Rg1 Rad8 19. f3 d5 20. Rdg2 dxc4 21. Bxc4 Bd5 22. Bd3 c4 23. Be4 Bxe4 24. Nxe4 g6 25. Bxa7 Nd5 26. Bc5 Rfe8 27. Bxe7 Rxe7 28. h4 Nf4 29. Rd2 Rxd2 30. Nxd2 b5 31. a4 c3 32. Ne4 cxb2 33. axb5 Ne2 34. Rd1 f5 35. Rd8+ Kg7 36. Nd6 Nd4 37. Kxb2 Ne6 38. Re8 Rxe8 39. Nxe8+ Kf8 40. b6 Nc5 41. Nd6 Na4+ 42. Kb3 Nxb6 43. c4 Nd7 44. Kc3 Ne5 45. f4 Nf3 46. h5 gxh5 47. Nxf5 Kf7 48. Kd3 Kf6 49. Ke3 Ne5 50. Nd6 Nc6 51. Kf3 Ke6 52. Ne4 Nd4+ 53. Kg3 Ne2+ 54. Kf3 Nd4+ 55. Ke3 Nf5+ 56. Kd3 h4 57. Ng5+ Kd6 58. Ke4 Ng3+ 59. Kf3 Kc5 60. Kg4 Kxc4 61. Kxh4 Nf5+ 62. Kg4 Ne3+ 63. Kf3 Nd5 64. f5 Kd4 65. Nf7 Ne7 1/2-1/2

[Event "SVK-chT3B2 2122"]
[Site "Slovakia"]
[Date "2021.10.24"]
[Round "1.2"]
[White "Randziak, Martin"]
[Black "Adamik, Bohuslav"]
[Result "1/2-1/2"]
[WhiteElo "1937"]
[BlackElo "1841"]
[PlyCount "72"]
[EventDate "2021.10.24"]
[EventType "team-tourn"]
[EventRounds "11"]
[EventCountry "SVK"]
[SourceTitle "EXT 2023"]
[Source "ChessBase"]
[SourceDate "2022.10.05"]
[SourceVersion "1"]
[SourceVersionDate "2022.10.05"]
[SourceQuality "1"]
[WhiteTeam "Chynorany"]
[BlackTeam "Lehota pod Vtacnikom"]
[WhiteTeamCountry "SVK"]
[BlackTeamCountry "SVK"]

1. e4 d5 2. exd5 Qxd5 3. Nc3 Qd8 4. d4 Nf6 5. Nf3 c6 6. Bc4 e6 7. 0-0 Be7 8. Re1 0-0 9. h3 b5 10. Bd3 Bb7 11. Ne4 Nxe4 12. Bxe4 Nd7 13. Ne5 Nxe5 14. dxe5 Qxd1 15. Rxd1 Rfd8 16. Be3 g6 17. Rxd8+ Bxd8 18. Rd1 Bb6 19. Bxb6 axb6 20. Rd7 Rb8 21. Rc7 h5 22. f4 Kf8 23. Kf2 Ba8 24. Bxc6 Bxc6 25. Rxc6 Rb7 26. Ke3 Ke7 27. Kd3 Kd7 28. Rd6+ Kc7 29. Kc3 Ra7 30. a3 Ra4 31. Rd4 Ra8 32. h4 f6 33. Rd6 fxe5 34. fxe5 Ra4 35. Rxe6 Rg4 36. Kd3 Rxg2 1/2-1/2

[Event "SVK-chT3B2 1920"]
[Site "Slovakia"]
[Date "2020.02.23"]
[Round "9.2"]
[White "Kopcok, Michal"]
[Black "Randziak, Martin"]
[Result "0-1"]
[WhiteElo "1898"]
[BlackElo "1936"]
[PlyCount "62"]
[EventDate "2019.10.06"]
[EventType "team-tourn"]
[EventRounds "11"]
[EventCountry "SVK"]
[SourceTitle "CBM 195 Extra"]
[Source "ChessBase"]
[SourceDate "2020.05.31"]
[SourceVersion "1"]
[SourceVersionDate "2020.05.31"]
[SourceQuality "1"]
[WhiteTeam "Nemsova Horne Srnie"]
[BlackTeam "Chynorany"]
[WhiteTeamCountry "SVK"]
[BlackTeamCountry "SVK"]

1. Nf3 Nf6 2. g3 d5 3. c4 e6 4. Bg2 Be7 5. 0-0 0-0 6. b3 d4 7. d3 c5 8. e3 Nc6 9. exd4 Nxd4 10. Bb2 Nxf3+ 11. Bxf3 Rb8 12. Na3 a6 13. Be5 Bd6 14. d4 b5 15. Re1 cxd4 16. Qxd4 Bxe5 17. Qxe5 Nd7 18. Qe2 Qe7 19. Nc2 Bb7 20. Ne3 Ne5 21. Bxb7 Qxb7 22. Nd5 exd5 23. Qxe5 dxc4 24. bxc4 bxc4 25. Rac1 Qb5 26. Qd4 Rfc8 27. Re4 c3 28. Rxc3 Qb1+ 29. Kg2 Rxc3 30. Rg4 Qb7+ 31. Kh3 f5 0-1

[Event "SVK-chT3B2 1920"]
[Site "Slovakia"]
[Date "2019.11.24"]
[Round "4.2"]
[White "Randziak, Martin"]
[Black "Lakatos, Vladimir"]
[Result "1-0"]
[WhiteElo "1936"]
[BlackElo "1996"]
[PlyCount "109"]
[EventDate "2019.10.06"]
[EventType "team-tourn"]
[EventRounds "11"]
[EventCountry "SVK"]
[SourceTitle "CBM 193 Extra"]
[Source "ChessBase"]
[SourceDate "2020.01.31"]
[SourceVersion "1"]
[SourceVersionDate "2020.01.31"]
[SourceQuality "1"]
[WhiteTeam "Chynorany"]
[BlackTeam "Handlova"]
[WhiteTeamCountry "SVK"]
[BlackTeamCountry "SVK"]

1. e4 c5 2. Nf3 e6 3. d4 cxd4 4. Nxd4 a6 5. c4 Nf6 6. Nc3 Bb4 7. Qd3 Qc7 8. a3 Be7 9. Be2 d6 10. 0-0 Nc6 11. Nxc6 bxc6 12. Bf4 e5 13. Be3 0-0 14. f4 Bg4 15. h3 Bxe2 16. Qxe2 a5 17. fxe5 dxe5 18. c5 Rab8 19. Rab1 Rb3 20. Qc4 Rfb8 21. Bc1 Qb7 22. Rf5 Qc7 23. Rf1 Qa7 24. Na4 R8b5 25. Bg5 Bxc5+ 26. Kh1 Rg3 27. Bxf6 gxf6 28. Rxf6 Bf8 29. Rbf1 Rb7 30. Qxc6 Rc7 31. Qd5 Bg7 32. R6f3 Rxf3 33. Rxf3 Rc1+ 34. Kh2 Qg1+ 35. Kg3 Qa7 36. Qd8+ Bf8 37. Qg5+ Bg7 38. Qd8+ Bf8 39. Qg5+ Bg7 40. Qxc1 Qe7 41. Qc4 Bh6 42. Rd3 Bf4+ 43. Kf3 Qa7 44. Qc5 Qa6 45. Ke2 Kg7 46. g3 Bg5 47. Qxe5+ Bf6 48. Qf5 Qc4 49. Nc3 h6 50. e5 Bg5 51. h4 Bc1 52. Nd5 Qc2+ 53. Kf3 Qc6 54. Qf6+ Qxf6+ 55. exf6+ 1-0

[Event "SVK-chT3B2 1920"]
[Site "Slovakia"]
[Date "2019.10.06"]
[Round "1.3"]
[White "Randziak, Martin"]
[Black "Rucek, Kristian"]
[Result "0-1"]
[WhiteElo "1936"]
[BlackElo "1872"]
[PlyCount "102"]
[EventDate "2019.10.06"]
[EventType "team-tourn"]
[EventRounds "11"]
[EventCountry "SVK"]
[SourceTitle "CBM 193 Extra"]
[Source "ChessBase"]
[SourceDate "2020.01.31"]
[SourceVersion "1"]
[SourceVersionDate "2020.01.31"]
[SourceQuality "1"]
[WhiteTeam "Chynorany"]
[BlackTeam "Belusa"]
[WhiteTeamCountry "SVK"]
[BlackTeamCountry "SVK"]

1. Nf3 d5 2. d4 Nf6 3. c4 c6 4. Nc3 e6 5. e3 Nbd7 6. Bd3 dxc4 7. Bxc4 b5 8. Be2 a6 9. e4 b4 10. e5 bxc3 11. exf6 gxf6 12. bxc3 c5 13. 0-0 Bb7 14. Bf4 cxd4 15. cxd4 Rg8 16. Bg3 f5 17. Rb1 Bd5 18. Qa4 Bh6 19. Bh4 Rxg2+ 20. Kxg2 Qxh4 21. h3 Ke7 22. Qa3+ Kf6 23. Rh1 Qxd4 24. Qb2 Qxb2 25. Rxb2 Ne5 26. Rb3 Rg8+ 27. Kf1 Bxb3 28. axb3 Nxf3 29. Bxf3 e5 30. Bd5 Rd8 31. Bc4 Rd1+ 32. Kg2 Rxh1 33. Kxh1 a5 34. Kg2 Kg6 35. Kg3 e4 36. Bd5 f4+ 37. Kg2 f3+ 38. Kf1 f5 39. Bc6 Bd2 40. Bd5 Kg5 41. Be6 f4 42. Bd5 Kf5 43. Bc6 Ke5 44. Bb7 Kd4 45. Bc6 h6 46. Bb7 Kc3 47. Bd5 e3 48. Bxf3 Kxb3 49. fxe3 fxe3 50. Ke2 a4 51. Kd3 a3 0-1

[Event "SVK-chT3B2 1819"]
[Site "Slovakia"]
[Date "2019.04.14"]
[Round "11.3"]
[White "Randziak, Martin"]
[Black "Gombar, Peter"]
[Result "1/2-1/2"]
[WhiteElo "1942"]
[BlackElo "1972"]
[PlyCount "42"]
[EventDate "2018.10.21"]
[EventType "team-tourn"]
[EventRounds "11"]
[EventCountry "SVK"]
[SourceTitle "EXT 2020"]
[Source "ChessBase"]
[SourceDate "2019.10.17"]
[SourceVersion "1"]
[SourceVersionDate "2019.10.17"]
[SourceQuality "1"]
[WhiteTeam "Chynorany"]
[BlackTeam "Povazska Bystrica Sparta"]
[WhiteTeamCountry "SVK"]
[BlackTeamCountry "SVK"]

1. e4 d6 2. d4 Nf6 3. Nc3 Nbd7 4. f4 e5 5. dxe5 dxe5 6. fxe5 Nxe5 7. Qxd8+ Kxd8 8. Bg5 c6 9. Nf3 Bd6 10. 0-0-0 Ke7 11. Be2 Bc7 12. h3 h6 13. Be3 b6 14. Rhf1 Nfd7 15. Nd4 g6 16. Bf4 Bb7 17. g4 f6 18. Rf2 Rad8 19. Bc4 Bb8 20. Bb3 Nc5 21. Nde2 Nxb3+ 1/2-1/2

[Event "SVK-chT3B2 1819"]
[Site "Slovakia"]
[Date "2019.01.13"]
[Round "5.2"]
[White "Blazek, Milos"]
[Black "Randziak, Martin"]
[Result "1-0"]
[WhiteElo "1963"]
[BlackElo "1942"]
[PlyCount "55"]
[EventDate "2018.10.21"]
[EventType "team-tourn"]
[EventRounds "11"]
[EventCountry "SVK"]
[SourceTitle "CBM 189 Extra"]
[Source "ChessBase"]
[SourceDate "2019.06.03"]
[SourceVersion "1"]
[SourceVersionDate "2019.06.03"]
[SourceQuality "1"]
[WhiteTeam "Trencin "]
[BlackTeam "Chynorany"]
[WhiteTeamCountry "SVK"]
[BlackTeamCountry "SVK"]

1. e4 e5 2. Nf3 Nf6 3. Nxe5 d6 4. Nf3 Nxe4 5. Nc3 Nxc3 6. dxc3 Be7 7. Be3 Nc6 8. Qd2 Be6 9. 0-0-0 a6 10. Kb1 Qd7 11. Be2 Ne5 12. Rhe1 0-0-0 13. h3 f6 14. Nd4 Bc4 15. f4 Bxe2 16. Qxe2 Ng6 17. f5 Ne5 18. Ne6 Rdg8 19. Bf4 g6 20. g4 gxf5 21. gxf5 Qc6 22. Bxe5 dxe5 23. Rg1 Bc5 24. Rxg8+ Rxg8 25. Qh5 b5 26. Qxh7 Rg1 27. Qh8+ Kb7 28. Rxg1 1-0

[Event "SVK-chT3B2 1718"]
[Site "Slovakia"]
[Date "2018.03.25"]
[Round "11.4"]
[White "Sopko, Rudolf"]
[Black "Randziak, Martin"]
[Result "1/2-1/2"]
[WhiteElo "1772"]
[BlackElo "1922"]
[PlyCount "99"]
[EventDate "2017.10.08"]
[EventType "team-tourn"]
[EventRounds "11"]
[EventCountry "SVK"]
[SourceTitle "EXT 2020"]
[Source "ChessBase"]
[SourceDate "2019.10.17"]
[SourceVersion "1"]
[SourceVersionDate "2019.10.17"]
[SourceQuality "1"]
[WhiteTeam "Trencin II"]
[BlackTeam "Chynorany"]
[WhiteTeamCountry "SVK"]
[BlackTeamCountry "SVK"]

1. e4 e5 2. Bc4 Nf6 3. d3 c6 4. Bg5 h6 5. Bh4 Be7 6. Nf3 d5 7. exd5 cxd5 8. Bb3 Nc6 9. Nc3 d4 10. Bxf6 Bxf6 11. Ne4 0-0 12. h3 Qe7 13. Qd2 Be6 14. Nh2 Bxb3 15. axb3 Rac8 16. Ng4 Bg5 17. Nxg5 Qxg5 18. f3 f5 19. Qxg5 hxg5 20. Nf2 Nb4 21. Rxa7 Rf7 22. 0-0 Rxc2 23. Ra4 Nd5 24. Nd1 Nf4 25. Rf2 Rc1 26. Rd2 Rfc7 27. Rc4 b5 28. Rxc7 Rxc7 29. Kh2 Kf7 30. g3 Ne6 31. b4 Rc1 32. Nf2 Nc7 33. g4 g6 34. Kg3 Nd5 35. h4 gxh4+ 36. Kxh4 Nxb4 37. gxf5 gxf5 38. f4 Kf6 39. fxe5+ Kxe5 40. Re2+ Kf4 41. Nh3+ Kf3 42. Rf2+ Ke3 43. Rxf5 Kxd3 44. Rxb5 Kc4 45. Rb7 Rc2 46. Rc7+ Kd3 47. Rxc2 Kxc2 48. Nf4 Nd3 49. Ne2 Nxb2 50. Nxd4+ 1/2-1/2

[Event "SVK-chT3B2 1718"]
[Site "Slovakia"]
[Date "2017.10.08"]
[Round "1.2"]
[White "Randziak, Martin"]
[Black "Buco, Martin"]
[Result "1-0"]
[WhiteElo "1922"]
[BlackElo "1797"]
[PlyCount "53"]
[EventDate "2017.10.08"]
[EventType "team-tourn"]
[EventRounds "11"]
[EventCountry "SVK"]
[SourceTitle "EXT 2019"]
[Source "ChessBase"]
[SourceDate "2018.10.10"]
[SourceVersion "1"]
[SourceVersionDate "2018.10.10"]
[SourceQuality "1"]
[WhiteTeam "Chynorany"]
[BlackTeam "Povazske Podhradie II"]
[WhiteTeamCountry "SVK"]
[BlackTeamCountry "SVK"]

1. e4 c5 2. Nf3 d6 3. d4 cxd4 4. Nxd4 Nf6 5. Nc3 Nc6 6. Bg5 Qa5 7. Bb5 Bd7 8. Nb3 Qb6 9. Be3 Qd8 10. f3 e6 11. Qd2 Be7 12. 0-0-0 0-0 13. g4 a6 14. Be2 b5 15. g5 Ne8 16. Kb1 Ne5 17. f4 Nc4 18. Bxc4 bxc4 19. Nd4 Rb8 20. h4 Qa5 21. Nd5 Bd8 22. Qxa5 Bxa5 23. Ne7+ Kh8 24. Nec6 Bxc6 25. Nxc6 Bc7 26. Nxb8 Bxb8 27. Rhe1 1-0

[Event "SVK-chT2B 1617"]
[Site "Slovakia"]
[Date "2016.10.09"]
[Round "2.7"]
[White "Masarik, Drahoslav"]
[Black "Randziak, Martin"]
[Result "1-0"]
[WhiteElo "1938"]
[BlackElo "1923"]
[PlyCount "43"]
[EventDate "2016.10.08"]
[EventType "team-tourn"]
[EventRounds "11"]
[EventCountry "SVK"]
[SourceTitle "CBM 175 Extra"]
[Source "ChessBase"]
[SourceDate "2016.12.12"]
[SourceVersion "1"]
[SourceVersionDate "2016.12.12"]
[SourceQuality "1"]
[WhiteTeam "Trencin"]
[BlackTeam "Topolcany"]
[WhiteTeamCountry "SVK"]
[BlackTeamCountry "SVK"]

1. Nf3 Nf6 2. c4 e6 3. Nc3 d5 4. d4 dxc4 5. e3 c5 6. Bxc4 a6 7. 0-0 b5 8. Bb3 Bb7 9. Qe2 cxd4 10. exd4 Be7 11. Ne5 0-0 12. Nxf7 Kxf7 13. Bxe6+ Ke8 14. Bg5 Qd6 15. Rfe1 Nc6 16. d5 Nd4 17. Qd2 Qc5 18. Be3 Nxe6 19. Bxc5 Nxc5 20. Qe3 Nce4 21. Nxe4 Nxd5 22. Nd6+ 1-0

[Event "SVK-chT2B 10/11"]
[Site "Slovakia"]
[Date "2011.02.06"]
[Round "7.2"]
[White "Chovanec, Milan"]
[Black "Randziak, Martin"]
[Result "1/2-1/2"]
[WhiteElo "2152"]
[BlackElo "1968"]
[PlyCount "69"]
[EventDate "2010.10.23"]
[EventType "team-tourn"]
[EventRounds "11"]
[EventCountry "SVK"]
[SourceTitle "EXT 2019"]
[Source "ChessBase"]
[SourceDate "2018.10.10"]
[SourceVersion "1"]
[SourceVersionDate "2018.10.10"]
[SourceQuality "1"]
[WhiteTeam "Povazska Bystrica SK Sparta"]
[BlackTeam "Partizanske SK Neomax"]
[WhiteTeamCountry "SVK"]
[BlackTeamCountry "SVK"]

1. e4 e5 2. Nf3 Nf6 3. Nc3 Nc6 4. g3 d5 5. exd5 Nxd5 6. Bg2 Nxc3 7. bxc3 Be7 8. 0-0 0-0 9. Re1 Bf6 10. Rb1 Rb8 11. d3 Be6 12. c4 Qd7 13. Bg5 Bxg5 14. Nxg5 Bg4 15. Qc1 f6 16. Bd5+ Kh8 17. f3 fxg5 18. fxg4 Qxg4 19. Bxc6 bxc6 20. Rxb8 Rxb8 21. Rxe5 h6 22. Qa1 Rb1+ 23. Qxb1 Qd4+ 24. Kg2 Qxe5 25. Qb8+ Kh7 26. Qxa7 c5 27. Kf2 g4 28. Qb7 Qf6+ 29. Ke2 c6 30. Qd7 Qf3+ 31. Kd2 Qf2+ 32. Kc3 Qe1+ 33. Kb2 Qb4+ 34. Kc1 Qe1+ 35. Kb2 1/2-1/2

[Event "SVK-chT2B 10/11"]
[Site "Slovakia"]
[Date "2011.02.05"]
[Round "6.2"]
[White "Motuzova, Marta"]
[Black "Randziak, Martin"]
[Result "1/2-1/2"]
[WhiteElo "1854"]
[BlackElo "1968"]
[PlyCount "37"]
[EventDate "2010.10.23"]
[EventType "team-tourn"]
[EventRounds "11"]
[EventCountry "SVK"]
[SourceTitle "EXT 2019"]
[Source "ChessBase"]
[SourceDate "2018.10.10"]
[SourceVersion "1"]
[SourceVersionDate "2018.10.10"]
[SourceQuality "1"]
[WhiteTeam "Povazska Bystrica SK Sparta II"]
[BlackTeam "Partizanske SK Neomax"]
[WhiteTeamCountry "SVK"]
[BlackTeamCountry "SVK"]

1. d4 d5 2. c4 dxc4 3. Nf3 Nf6 4. e3 e6 5. Bxc4 c5 6. 0-0 a6 7. dxc5 Bxc5 8. Qxd8+ Kxd8 9. a3 b5 10. Be2 Ke7 11. b4 Bd6 12. Bb2 Bb7 13. Be5 Bxe5 14. Nxe5 Nbd7 15. Nxd7 Nxd7 16. Nd2 Rhc8 17. Rac1 Rxc1 18. Rxc1 Rc8 19. Rxc8 1/2-1/2

[Event "SVK-chT2B 10/11"]
[Site "Slovakia"]
[Date "2010.10.24"]
[Round "2.1"]
[White "Sucharda, Ondrej"]
[Black "Randziak, Martin"]
[Result "1/2-1/2"]
[WhiteElo "1869"]
[BlackElo "1968"]
[PlyCount "40"]
[EventDate "2010.10.23"]
[EventType "team-tourn"]
[EventRounds "11"]
[EventCountry "SVK"]
[SourceTitle "EXT 2019"]
[Source "ChessBase"]
[SourceDate "2018.10.10"]
[SourceVersion "1"]
[SourceVersionDate "2018.10.10"]
[SourceQuality "1"]
[WhiteTeam "Nove Zamky Basta II"]
[BlackTeam "Partizanske SK Neomax"]
[WhiteTeamCountry "SVK"]
[BlackTeamCountry "SVK"]

1. e4 e5 2. Nf3 Nf6 3. Nxe5 d6 4. Nf3 Nxe4 5. d3 Nf6 6. Nc3 Be7 7. Be2 d5 8. d4 c6 9. 0-0 Bg4 10. Bf4 Bxf3 11. Bxf3 0-0 12. Re1 Bd6 13. Qd2 Bxf4 14. Qxf4 Na6 15. a3 Qd7 16. Re3 Rfe8 17. Rae1 Rxe3 18. Rxe3 Re8 19. h3 Rxe3 20. Qxe3 Nc7 1/2-1/2

[Event "SVK-chT2B 0910"]
[Site "Slovakia"]
[Date "2010.02.27"]
[Round "10"]
[White "Randziak, Martin"]
[Black "Reisel, Frantisek"]
[Result "1/2-1/2"]
[WhiteElo "1959"]
[BlackElo "2095"]
[PlyCount "143"]
[EventDate "2009.10.10"]
[EventType "team"]
[EventRounds "11"]
[EventCountry "SVK"]
[SourceTitle "EXT 2011"]
[Source "ChessBase"]
[SourceDate "2010.11.26"]
[SourceVersion "1"]
[SourceVersionDate "2010.11.26"]
[SourceQuality "1"]
[WhiteTeam "Partizanske"]
[BlackTeam "Prievidza II"]
[WhiteTeamCountry "SVK"]
[BlackTeamCountry "SVK"]

1. e4 c6 2. d4 d5 3. Nc3 dxe4 4. Nxe4 Nf6 5. Nxf6+ exf6 6. Nf3 Bd6 7. Be2 0-0 8. 0-0 Be6 9. c4 Nd7 10. Bd2 Rc8 11. Bc3 Qc7 12. Qc2 Rfd8 13. Rad1 Nf8 14. Rfe1 Ng6 15. g3 Bf8 16. Bf1 Ne7 17. Qa4 b6 18. Bg2 Nf5 19. Bf1 Ne7 20. Bg2 h6 21. Bf1 Rd7 22. Rc1 Nf5 23. Qc2 Rcd8 24. Red1 Nd6 25. Qa4 Ne4 26. Qc2 Nd6 27. Qa4 Bg4 28. Bg2 Nf5 29. Rd2 Bxf3 30. Bxf3 Nxd4 31. Rxd4 Rxd4 32. Bxd4 Rxd4 33. Qxc6 Qxc6 34. Bxc6 Rd2 35. Be4 Bc5 36. Rc2 Bxf2+ 37. Kf1 Rxc2 38. Bxc2 Bd4 39. b4 Kf8 40. b5 Ke7 41. Be4 h5 42. Kg2 g6 43. Bd5 f5 44. Bf3 Be3 45. Bd5 Bd4 46. Kf3 Be5 47. h3 g5 48. g4 fxg4+ 49. hxg4 h4 50. Kg2 f6 51. Be4 Kd6 52. Bf5 Kc5 53. Be6 Kb4 54. Kh3 Ka3 55. Kg2 Bd6 56. Kh3 Bc5 57. Bd5 Kxa2 58. Be4 Kb2 59. Bf5 Kc3 60. Be6 Kd4 61. Bf7 Ke5 62. Bg6 Be3 63. Kg2 Kd4 64. Bf7 Kc5 65. Kh3 Kd6 66. Bg8 Bd4 67. Bf7 Ke5 68. Bg6 Kf4 69. Bf5 Be3 70. Bh7 Ke5 71. Bg6 Bf2 72. Bh7 1/2-1/2

[Event "SVK-chT2B 0910"]
[Site "Slovakia"]
[Date "2010.01.10"]
[Round "7"]
[White "Kollar, Jan"]
[Black "Randziak, Martin"]
[Result "1/2-1/2"]
[WhiteElo "1755"]
[BlackElo "1959"]
[PlyCount "20"]
[EventDate "2009.10.10"]
[EventType "team"]
[EventRounds "11"]
[EventCountry "SVK"]
[SourceTitle "EXT 2011"]
[Source "ChessBase"]
[SourceDate "2010.11.26"]
[SourceVersion "1"]
[SourceVersionDate "2010.11.26"]
[SourceQuality "1"]
[WhiteTeam "Sala Slovan Duslo"]
[BlackTeam "Partizanske"]
[WhiteTeamCountry "SVK"]
[BlackTeamCountry "SVK"]

1. d4 d5 2. c4 dxc4 3. Nc3 Nf6 4. e4 e5 5. Nf3 exd4 6. Qxd4 Qxd4 7. Nxd4 Bb4 8. f3 Bc5 9. Ndb5 Na6 10. Bg5 c6 1/2-1/2

[Event "SVK-chT2B 0910"]
[Site "Slovakia"]
[Date "2009.11.10"]
[Round "3"]
[White "Randziak, Martin"]
[Black "Grof, Stefan"]
[Result "0-1"]
[WhiteElo "1959"]
[BlackElo "2057"]
[PlyCount "82"]
[EventDate "2009.10.10"]
[EventType "team"]
[EventRounds "11"]
[EventCountry "SVK"]
[SourceTitle "EXT 2011"]
[Source "ChessBase"]
[SourceDate "2010.11.26"]
[SourceVersion "1"]
[SourceVersionDate "2010.11.26"]
[SourceQuality "1"]
[WhiteTeam "Partizanske"]
[BlackTeam "Komarno"]
[WhiteTeamCountry "SVK"]
[BlackTeamCountry "SVK"]

1. e4 c6 2. d4 d5 3. Nc3 g6 4. Nf3 Bg7 5. exd5 cxd5 6. Be2 Nf6 7. Ne5 0-0 8. 0-0 Nc6 9. Bf3 e6 10. Nxc6 bxc6 11. Na4 Nd7 12. Bf4 Qa5 13. c3 Ba6 14. Re1 Bb5 15. Nc5 Nxc5 16. dxc5 Rfe8 17. a4 Ba6 18. Be3 Qc7 19. Be2 Bxe2 20. Rxe2 Rab8 21. Qd2 Rb3 22. g3 Reb8 23. Ra2 e5 24. f4 f6 25. Kf2 Qd7 26. Kg2 Qf5 27. Qc2 Qc8 28. Qd2 Qa6 29. Kf2 Qc4 30. Qc2 Bf8 31. Kg2 e4 32. Bd4 Kf7 33. h3 Bxc5 34. Bxc5 Qxc5 35. c4 R8b7 36. h4 f5 37. cxd5 Qxc2 38. Rxc2 cxd5 39. Kf2 d4 40. a5 e3+ 41. Ke1 d3 0-1

[Event "SVK-chT2B 0910"]
[Site "Slovakia"]
[Date "2009.10.10"]
[Round "1"]
[White "Randziak, Martin"]
[Black "Behul, Pavol"]
[Result "0-1"]
[WhiteElo "1959"]
[BlackElo "1992"]
[PlyCount "74"]
[EventDate "2009.10.10"]
[EventType "team"]
[EventRounds "11"]
[EventCountry "SVK"]
[SourceTitle "EXT 2011"]
[Source "ChessBase"]
[SourceDate "2010.11.26"]
[SourceVersion "1"]
[SourceVersionDate "2010.11.26"]
[SourceQuality "1"]
[WhiteTeam "Partizanske"]
[BlackTeam "Surany"]
[WhiteTeamCountry "SVK"]
[BlackTeamCountry "SVK"]

1. e4 g6 2. d4 Bg7 3. c4 d6 4. Nf3 Nf6 5. Nc3 0-0 6. Be2 Nc6 7. 0-0 e5 8. d5 Ne7 9. Ne1 Nd7 10. Be3 f5 11. f3 f4 12. Bf2 g5 13. Nd3 b6 14. b4 Ng6 15. c5 h5 16. cxd6 cxd6 17. Rc1 Nf6 18. h3 Bd7 19. Nb2 Ne8 20. Nb5 Rf7 21. a4 Bf8 22. Qd2 g4 23. hxg4 hxg4 24. fxg4 Qg5 25. Qd1 Rh7 26. Nc7 Qh6 27. Be1 Nxc7 28. Rxc7 Qh2+ 29. Kf2 Nh4 30. Bf3 Bxa4 31. Qc1 Bd7 32. Qd1 Bxg4 33. Rc3 Bxf3 34. Rg1 Bxd1 35. Rh3 Qxg1+ 36. Kxg1 Nf3+ 37. Rxf3 Bxf3 0-1

[Event "SVK-chT2B 0809"]
[Site "Slovakia"]
[Date "2009.01.31"]
[Round "8.8"]
[White "Randziak, Martin"]
[Black "Dvoranova, Maria"]
[Result "1-0"]
[WhiteElo "1350"]
[BlackElo "1903"]
[PlyCount "151"]
[EventDate "2008.10.11"]
[EventType "team-tourn"]
[EventRounds "11"]
[EventCountry "SVK"]
[SourceTitle "EXT 2010"]
[Source "ChessBase"]
[SourceDate "2010.11.25"]
[SourceVersion "1"]
[SourceVersionDate "2010.11.25"]
[SourceQuality "1"]
[WhiteTeam "Partizanske SK Neomax"]
[BlackTeam "Nitra NSK III"]
[WhiteTeamCountry "SVK"]
[BlackTeamCountry "SVK"]

1. e4 e6 2. d4 d5 3. Nd2 c5 4. exd5 Qxd5 5. Ngf3 Nc6 6. Bc4 Qd8 7. Nb3 cxd4 8. Nbxd4 Qb6 9. 0-0 Be7 10. Nb3 Nf6 11. Be3 Qc7 12. h3 Bd7 13. Qe2 0-0 14. Rad1 Rac8 15. c3 b6 16. Rfe1 Nb8 17. Bb5 Bxb5 18. Qxb5 Nd5 19. Bd4 Nc6 20. Qe2 Nxd4 21. Nbxd4 Nf4 22. Qe4 f5 23. Qc2 Rf6 24. Qb3 Qc4 25. Qxc4 Rxc4 26. g3 Nxh3+ 27. Kg2 Rh6 28. Rxe6 Rxe6 29. Nxe6 Re4 30. Ned4 Ng5 31. Nxf5 Nxf3 32. Kxf3 Re5 33. Nxe7+ Rxe7 34. Rd4 Kf7 35. Rf4+ Kg6 36. Re4 Rd7 37. Ke3 h6 38. Rd4 Rf7 39. a4 Kg5 40. f3 Re7+ 41. Re4 Rd7 42. Ke2 Kf5 43. b4 Kf6 44. Rd4 Rc7 45. Kd3 Ke5 46. c4 Rf7 47. Rd5+ Ke6 48. Ke4 Rc7 49. Rd4 Rc8 50. Ke3 Rc7 51. Kd3 Rf7 52. Ke4 Rc7 53. Kd3 Rf7 54. Re4+ Kd6 55. Ke3 Rf8 56. Rg4 Rf7 57. Rg6+ Kc7 58. c5 bxc5 59. bxc5 Kc8 60. Ke4 Rd7 61. Ke5 Kc7 62. f4 Re7+ 63. Re6 Rf7 64. f5 Rd7 65. a5 Kc8 66. c6 Rd3 67. Re8+ Kc7 68. Re7+ Kxc6 69. Rxg7 Rd5+ 70. Ke6 Rxa5 71. f6 Ra1 72. f7 Re1+ 73. Kf6 Rf1+ 74. Kg6 Kd6 75. Rg8 Ke7 76. Re8+ 1-0